Loading...
| History - American | 2 | 3 | 1 | 1 | 55 | 24 | 75.80 | 3 | 5 | 0.00 | 0.00 |
| History - European | 1 | 4 | 1 | 1 | 50 | 33 | 84.40 | 2 | 5 | 0.00 | 0.00 |
| Religion | 2 | 1 | 0 | 0 | 40 | 51 | 88.67 | 2 | 3 | 0.00 | 0.00 |
| History - World | 2 | 2 | 2 | 1 | 40 | 60 | 83.75 | 2 | 4 | 0.00 | 0.00 |
| Fine Arts - Visual | 2 | 1 | 2 | 0 | 30 | 64 | 81.33 | 1 | 3 | 0.00 | 0.00 |
| Science - Physics | 1 | 1 | 0 | 1 | 25 | 71 | 102.00 | 1 | 2 | 0.00 | 0.00 |
| History - Ancient/Other | 0 | 3 | 1 | 0 | 25 | 77 | 89.33 | 2 | 3 | 0.00 | 0.00 |
| Fine Arts - Auditory | 0 | 3 | 2 | 1 | 20 | 100 | 126.33 | 0 | 3 | 0.00 | 0.00 |
| Science - Chemistry | 0 | 2 | 0 | 0 | 20 | 105 | 114.50 | 0 | 2 | 0.00 | 0.00 |
| History - Ancient | 1 | 0 | 0 | 0 | 15 | 72 | 72.00 | 0 | 1 | 0.00 | 0.00 |
| Mythology | 1 | 0 | 0 | 0 | 15 | 53 | 53.00 | 1 | 1 | 0.00 | 0.00 |
| Literature - World | 0 | 1 | 0 | 0 | 10 | 96 | 96.00 | 1 | 1 | 0.00 | 0.00 |
| Fine Arts - Other | 0 | 1 | 0 | 0 | 10 | 101 | 101.00 | 1 | 1 | 0.00 | 0.00 |
| Current Events | 0 | 1 | 0 | 1 | 10 | 131 | 131.00 | 0 | 1 | 0.00 | 0.00 |
| Literature - British | 0 | 1 | 1 | 0 | 5 | 107 | 107.00 | 1 | 1 | 0.00 | 0.00 |
| Geography | 0 | 1 | 1 | 0 | 5 | 92 | 92.00 | 0 | 1 | 0.00 | 0.00 |
| Literature - European | 0 | 0 | 1 | 0 | -5 | 0.00 | 0 | 0 | 0.00 | 0.00 |